[Event "Biel SKA"]
[Site "Biel"]
[Date "1996.07.22"]
[Round "1"]
[White "Miles, Anthony John"]
[Black "Portisch, Lajos"]
[Result "1/2-1/2"]
[WhiteElo "2630"]
[BlackElo "2600"]
[Annotator "Ribli,Z"]
[PlyCount "119"]
[EventDate "1996.07.22"]
[EventType "tourn"]
[EventRounds "11"]
[EventCountry "SUI"]
[EventCategory "16"]
[SourceTitle "CBM 055"]
[Source "ChessBase"]
[SourceDate "1996.12.01"]
[SourceVersion "1"]
[SourceVersionDate "1996.12.01"]
[SourceQuality "1"]

1. c4 Nf6 2. Nf3 e6 3. g3 d5 4. Bg2 Be7 {Ribli. Meiner Meinung nach ist 4...dc
der einfachste Weg zum Ausgleich. Mit dem Partiezug verkompliziert Schwarz die
Stellung.} 5. O-O O-O 6. b3 b6 7. Bb2 Bb7 8. e3 c5 9. Nc3 dxc4 $5 {Ribli.Mit
dem Partiezug strebt Schwarz eine asymmetrische Stellung an. Auf den ersten
Blick steht Weiss etwas besser, da er freiere Hand im Zentrum hat.} (9... Nc6 {
Ribli.Nach diesem Zug hat Weiss einen kleinen, aber angenehmen und dauerhaften
Vorteil.} 10. cxd5 exd5 (10... Nxd5 11. Nxd5 exd5 (11... Qxd5 12. d4) 12. d4
$14) 11. d4 $14) (9... Nbd7) (9... Nbd7 10. Qe2 Rc8 11. Rfd1 Qc7 12. Rac1 Qb8
13. cxd5 (13. d3 Rfd8 14. Nh4 dxc4 15. bxc4 Bxg2 16. Nxg2 Qb7 17. f4 Nb8 18. g4
$36 {Rodriguez,A-Hernandez,Y,Aceimar,1995.}) 13... Nxd5 14. Nxd5 Bxd5 15. e4
Bb7 16. d4 cxd4 17. Rxc8 Rxc8 18. Nxd4 Nc5 $10 {Psakhis,L-Huebner,R/Baden
Baden/1992/CBM33/}) 10. bxc4 Nc6 11. Qe2 Qc7 (11... Rc8) 12. Rfd1 a6 (12...
Rfd8 13. Rac1 a6 14. d4 Na5 15. Nb1 $5 Rac8 16. Nbd2 Ne4 17. Nb3 Nxb3 18. axb3
Qb8 19. Ne5 Nf6 20. d5 $16 {Vukovic,Z.-Arlandi,Porto San Giorgio 1996.}) 13.
Rab1 Rab8 14. Ba1 Rfc8 (14... Rfd8 15. d3 Ba8 $5 (15... Na7 $2 16. d4 $1 cxd4
17. exd4 b5 18. d5 $1 exd5 19. Nxd5 Nxd5 20. cxd5 Rxd5 21. Re1 Bf8 22. Be5 $36
{Sokolov,A-Li Zunian/Biel izt/1985/}) 16. Ne1 Ne8 $10 {Zajcik-Tivjakov,Moskau
1994.}) 15. h3 (15. Ne1 $5 Na7 16. Bxb7 Rxb7 17. a4 Nc6 18. f4 Nb4 19. d3 Ne8
20. Nf3 f6 21. g4 Nd6 22. e4 Nf7 23. f5 $40 {Pigusov,E-Kojder,K,Copenhagen op,
1986.}) 15... Na7 (15... Nd7 $5 {Ribli.Und Schwarz kann spaeter Nce5,oder Bf6
ziehen.}) 16. a4 Nc6 {Ribli. In dieser konkreten Stellung ist das Feld b4
schwach, aber das hat keine grosse Bedeutung. Und da Weiss eine massive
Zentrumsstellung hat, kann er langsam am Koenigsfluegel vorrücken, zumal
Schwarz kein gefaehrliches Gegenspiel hat.} (16... Bc6 17. d4 $14) 17. g4 $36
Bf8 (17... h6 {Ribli.Aber ich kann verstehen, dass Schwarz seinen
Koenigsfluegel nicht kompromittieren will.}) 18. Ne1 Ne7 19. f4 Bxg2 20. Qxg2 (
20. Nxg2) 20... Rd8 (20... Ng6 21. Nf3) 21. d3 Nc6 22. Nf3 Qc8 (22... Rd7 23.
Qb2 Ne8) 23. g5 Ne8 $1 {Ribli.Der Springer zielt nach f5.Wenn Weiss e3-e4
spielt -was keineswegs logisch ist-, dann schwaecht er das Feld d4.} 24. h4 Ne7
25. h5 Nf5 26. Kf2 {Ribli. Auf diese Weise kommt auch die letzte weisse Figur
ins Spiel. Aber weil der weisse Koenig auf f2 steht, funktioniert das Motiv
Qg2-b2 nicht.} Qc6 $1 27. Qh3 (27. g6 fxg6 28. hxg6 h6) (27. h6 $5) 27... Bd6
28. Rg1 Bc7 29. Ke2 Rd7 30. Nh4 {Ribli.Der weisse Angriff kommt zum Stillstand.
} Nxh4 31. Qxh4 Nd6 (31... Rbd8 32. Rbd1 (32. g6 Rxd3 33. gxf7+ Kxf7 $17) 32...
Nd6) 32. Qh1 (32. e4 $5 {Ribli. In diesem Fall kann Weiss aber nicht mehr Ne4
spielen, allenfalls nach e4-e5, aber dann hat der Laeufer auf a1 keine Zukunft.
}) 32... Qxh1 33. Rxh1 Nf5 $10 34. Ne4 Nd6 35. h6 Nxe4 36. dxe4 g6 37. Rhd1 (
37. Bf6 Kf8 38. Rhd1 Ke8) 37... Rxd1 38. Rxd1 Rd8 39. Rb1 (39. Rxd8+ Bxd8 $10)
39... a5 {Ribli. Die Stellung ist geschlossen, es gibt nur eine offene Linie.
Theoretisch steht Weiss besser, da er Raumvorteil hat, praktisch jedoch bringt
das nichts.} 40. Bg7 (40. Be5 Bxe5 41. fxe5 Rb8 42. Rd1 Kf8 43. Rd7 Ke8 44. Ra7
Kf8 $10) 40... Rd7 41. Rf1 Rd8 42. Bf6 Rd7 (42... Rc8 $2 43. Rd1 $16) 43. Bg7
Rd8 44. e5 Rd7 45. Rc1 Rd8 46. Rc3 Rd7 47. Rd3 Rxd3 48. Kxd3 {Ribli.Weiss hat
keine Gewinnchancen in diesem Endspiel. Schwarz kann einfach keinen Fehler
machen.} Bd8 49. Kc3 Bc7 50. Kd2 Bd8 51. Kd3 Bc7 52. Ke4 Bd8 53. Bf6 Bc7 54.
Be7 Kh8 (54... Bb8 55. Bd8 Ba7 56. Bc7 Kf8 $10) 55. Bd6 Bd8 56. Kd3 Kg8 57. Kd2
Kh8 58. Kc1 Kg8 59. Kb2 Kh8 60. Ka1 {Ribli.Weiss stand immer ein wenig besser
in dieser Partie, und hatte doch keine Gewinnchancen.} 1/2-1/2

[Event "Baden-Baden"]
[Site "Baden-Baden"]
[Date "1992.12.15"]
[Round "10"]
[White "Psakhis, Lev"]
[Black "Huebner, Robert"]
[Result "1/2-1/2"]
[WhiteElo "2570"]
[BlackElo "2630"]
[Annotator "Ribli,Z"]
[PlyCount "37"]
[EventDate "1992.12.??"]
[EventType "tourn"]
[EventRounds "11"]
[EventCountry "GER"]
[EventCategory "14"]
[SourceTitle "CBM 033"]
[Source "ChessBase"]
[SourceDate "1993.04.01"]
[SourceVersion "1"]
[SourceVersionDate "1993.04.01"]
[SourceQuality "1"]

1. c4 c5 2. Nf3 Nf6 3. Nc3 e6 4. g3 b6 5. Bg2 Bb7 6. O-O Be7 7. b3 O-O 8. Bb2
d5 9. e3 Nbd7 $5 10. Qe2 Rc8 (10... a6 $5 11. d3 Ra7 12. Ne1 Qa8 13. f4 d4 $5
$13 {Pigott,J-Howell,J BCF-ch 1989 CBM/15}) (10... Qc7 11. Rac1 Rad8 12. cxd5
Nxd5 13. Nxd5 Bxd5 14. e4 Bb7 15. d4 Qb8 16. a3 (16. Rcd1 Rfe8 17. a3 a5 $6 18.
Rfe1 Qa8 19. dxc5 Bxc5 20. h4 h6 21. Nh2 $36 {Maus,So-Bischoff,K Hamburg SKA
1991 CBM/24}) 16... Qa8 17. Rfe1 Bf6 18. b4 cxd4 19. Nxd4 a6 20. a4 Nb8 21.
Red1 Rd7 22. b5 Rfd8 $10 {Kushnir-Gaprindashvili Moscow m 1969 7/52}) 11. Rfd1
(11. Rac1 $5 Qc7 12. cxd5 exd5 $6 (12... Nxd5 $5) 13. d4 Rfe8 14. Rfd1 Bf8 15.
Bh3 $14 {Kortschnoj-Adianto Novi Sad ol 1990 50/9}) (11. d3 $5) 11... Qc7 $1
12. Rac1 (12. cxd5 Nxd5 13. Nxd5 Bxd5 14. e4 Bb7 15. d4 cxd4 16. Nxd4 Rfd8 $10
{Ribli-Saren Helsinki zt 1972}) 12... Qb8 13. cxd5 Nxd5 14. Nxd5 Bxd5 15. e4
Bb7 16. d4 cxd4 17. Rxc8 Rxc8 18. Nxd4 Nc5 19. e5 1/2-1/2

[Event "Alushta Autumn 1st"]
[Site "Alushta"]
[Date "2004.09.05"]
[Round "13"]
[White "Obukhov, Alexander"]
[Black "Annageldyev, Orazly"]
[Result "1-0"]
[WhiteElo "2475"]
[BlackElo "2458"]
[Annotator "Ribli,Z"]
[PlyCount "85"]
[EventDate "2004.08.28"]
[EventType "tourn"]
[EventRounds "15"]
[EventCountry "UKR"]
[EventCategory "9"]
[SourceTitle "CBM 103"]
[Source "ChessBase"]
[SourceDate "2004.11.11"]
[SourceVersion "1"]
[SourceVersionDate "2004.11.11"]
[SourceQuality "1"]

1. Nf3 Nf6 2. c4 c5 3. Nc3 e6 4. g3 b6 5. Bg2 Bb7 6. O-O Be7 7. b3 {Eine
genügsame Fortsetzung, 7.d4 ist die Hauptvariante.} O-O 8. Bb2 d5 (8... d6 {
ist die andere prinzipielle Fortsetzung, nach der Schwarz eine Igelstellung
aufbauen kann.}) 9. e3 dxc4 {Auf diese Weise verstärkt Schwarz zwar das
gegnerische Bauernzentrum, vermeidet aber die Möglichkeit c4xd5, wonach
Schwarz in einigen Varianten mit einem isolierten Damenbauern weiterspielen
müsste.} (9... Nc6 {Dieser natürliche Zug ist nicht die beste Möglichkeit für
Schwarz.} 10. cxd5 Nxd5 (10... exd5 11. d4 $14) 11. Nxd5 Qxd5 (11... exd5 12.
d4 $14) 12. d4 $14) (9... Nbd7) 10. bxc4 Nc6 11. Ne1 {Ein typisches Motiv in
dieser Variante - Weiss bereitet die Mobilisierung seiner Königsflügelbauern
vor (mit f2-f4 und g3-g4).} Qd7 (11... Rc8 12. Qe2 Rc7 13. Rd1 Qa8 (13... Rd7
$5) 14. f4 Rd8 15. g4 Na5 16. f5 Ne4 $2 (16... exf5 17. Rxf5 (17. gxf5 Rcd7 $15
) 17... Re8 $11) 17. Nxe4 Bxe4 18. f6 (18. fxe6 fxe6 19. d3 Bb7 20. Nf3 $14)
18... Bf8 (18... Bxf6 19. Bxf6 gxf6 20. Rxf6 Rcd7 $11) 19. fxg7 $14 {1-0
Blatny,P-Brumen,D/Schwarzach 1998/EXT 2000/[Balinov] (29)}) 12. f4 (12. Qe2
Rfd8 (12... Rad8 13. d3 Nb4 14. Rd1 Bxg2 15. Nxg2 Rfe8 16. a3 Nc6 17. f4 Qb7
18. g4 a6 19. g5 Nd7 20. Ne4 $36 {1-0 Giardelli,S-Rodriguez,A/Mexico 1980/MCD 
(42)}) 13. d3 Rab8 14. Rd1 a6 15. f4 b5 16. g4 Na5 17. g5 Bxg2 18. Qxg2 Ne8 19.
cxb5 axb5 20. Ne4 Nc4 21. Bc1 f5 {1/2-1/2 Blatny,P-Klovans,J/Schwarzach 1998/
EXT 2000 (44)}) 12... Na5 13. Bxb7 Qxb7 14. d3 {Weiss besitzt eine solide
Bauernmasse im Zentrum, obwohl es scheint, dass der Pd3 angreifbar ist, den
Weiss aber gut mit dem Ne1 verteidigt.} Rad8 15. Qe2 a6 16. Rb1 {[%cal Gb1b7]}
(16. a4 Nc6 17. g4 Nb4 18. g5 Ne8 19. Rd1 e5 20. Qh5 Nd6 21. fxe5 g6 22. Qh3
Nf5 23. Rxf5 gxf5 24. Qxf5 Qd7 25. Qf4 Qh3 26. Ne4 $40 {1-0 Lada,M-Rosenbeiger,
A/Krakow 1996/EXT 2001 (60)}) 16... Rd7 (16... b5 17. cxb5 axb5 18. Nxb5 Qxb5
19. Bxf6 Qxb1 20. Bxe7 $16) 17. Nf3 {[%cal Gf3e5]} Nc6 18. Ne5 Rc7 (18... Nxe5
19. fxe5 Ne8 20. Ne4 $14 {[%csl Ge5] und Weiss hat spürbaren positionellen
Druck.}) 19. Ba1 $14 {[%csl Gb1,Ge5][%cal Ga1g7,Gb1b6] Weiss hat aktives
Figurenspiel - der Ne5 steht aktiv im Zentrum, der R b1 kontrolliert den
b6-Bauern und der Ba1 unterstützt das weisse Spiel von hinten.} Nd7 20. Nf3 (
20. Nxc6 Qxc6 21. f5 Bf6 $11) 20... Bf6 (20... f5 21. h3 Bf6 22. g4 $14) 21. g4
$1 {[%mdl 32] Eine typische Vorgehensweise - weisser Bauernsturm am
Königsflügel, ohne dass Schwarz Gegenspiel hat.} g6 {Schwarz muss den Läufer
auf der Diagonalen a1-h8 halten, aber dadurch wird auch das Feld f6 geschwächt.
} 22. g5 Bg7 23. Bb2 {Weiss bereitet 24.Ne4 vor. Er möchte im Fall von ...Bxb2
mit Qxb2 antworten.} Ne7 24. Ne4 {[%csl Ge4,Yf6]} f5 {Schwarz möchte sich vom
weissen Druck befreien, doch verliert dieser Zug einen Bauern.} (24... Bxb2 25.
Qxb2 Nc6 26. Ne5 $16) 25. gxf6 Nxf6 26. Nxf6+ Bxf6 27. Bxf6 Rxf6 28. Qb2 $16 {
[%cal Rb1b6,Rb2f6]} e5 (28... Rf8 29. Qxb6 $16) 29. Qxe5 Rcc6 30. Qe4 {[%cal
Gf3e5]} Qc8 31. Ne5 Rcd6 32. Qg2 h5 (32... Nf5 33. Rbe1 $16) 33. e4 Kh7 34. Kh1
Qe8 35. Ng4 $1 {[%mdl 64] Dieser unerwartete und schöne Zug gewinnt die
Qualität.} hxg4 (35... Rf8 36. e5 Rxd3 37. Nf6+ Rxf6 38. exf6 Nf5 39. Rxb6 $18)
36. e5 {[%cal Re5d6,Re5f6]} Rxd3 37. exf6 Nf5 38. Rxb6 $18 {Mit der Qualität
und einem Bauern mehr steht Weiss auf Gewinn.} Kh6 (38... Ne3 39. Rb7+ Kh6 40.
Re7 $18) 39. Qxg4 Qe4+ 40. Qg2 Qxg2+ 41. Kxg2 Ne3+ 42. Kg1 (42. Kf2 Nxf1 43.
Rb8 $1 $18) 42... Rd2 (42... Nxf1 43. Rb8 $1 {Droht 44.R h8# und 44.f7.} Rd7
44. Rh8+ (44. Kxf1 g5 45. Rg8 gxf4 46. Rg4 $18) 44... Rh7 45. Rxh7+ Kxh7 46.
Kxf1 Kg8 47. Kf2 Kf7 48. Kf3 Kxf6 49. Kg4 $18) 43. Rf3 1-0

[Event "Moscow Veterans"]
[Site "Moscow"]
[Date "1991.??.??"]
[Round "?"]
[White "Bagirov, Vladimir"]
[Black "Kholmov, Ratmir D"]
[Result "1/2-1/2"]
[WhiteElo "2485"]
[BlackElo "2445"]
[Annotator "Ribli,Z"]
[PlyCount "35"]
[EventDate "1991.06.??"]
[EventType "tourn"]
[EventRounds "9"]
[EventCountry "URS"]
[EventCategory "10"]
[SourceTitle "CBM 025"]
[Source "ChessBase"]
[SourceDate "1991.12.01"]
[SourceVersion "1"]
[SourceVersionDate "1991.12.01"]
[SourceQuality "1"]

1. Nf3 Nf6 2. c4 e6 3. g3 b6 4. Bg2 Bb7 5. O-O Be7 6. b3 O-O 7. Bb2 c5 8. Nc3
d5 9. e3 Nbd7 10. d3 (10. Qe2 $5 Qc7 11. Rac1 Rac8 $6 (11... Rad8 12. cxd5 Nxd5
13. Nxd5 Bxd5 14. e4 Bb7 15. d4 Qb8 16. Rcd1 Rfe8 17. a3 a5 18. Rfe1 Qa8 19.
dxc5 Bxc5 20. h4 h6 21. Nh2 $36 {Maus,So-Bischoff,K Hamburg SKA 1991 CBM/24}) (
11... dxc4 $5) 12. cxd5 exd5 13. d4 Rfe8 14. Rfd1 Bf8 15. Bh3 $1 $14 {
Kortschnoj-Adianto Novi Sad ol 1990 50/9}) 10... Qc7 11. Qe2 a6 (11... Rad8 12.
Rfd1 Qb8 13. Rac1 Qa8 14. Ne1 (14. Nh4 $5 Ne8 15. cxd5 Bxh4 16. gxh4 exd5 17.
d4 Nef6 18. Qf3 Rfe8 $13 {Labutin,S-Frolov,Y Leningrad 1990 EXP/18}) 14... Rfe8
15. e4 Qb8 16. f4 d4 17. Nb1 e5 18. f5 g6 19. g4 gxf5 20. gxf5 Bf8 21. Rc2 Bh6
22. Bc1 Bxc1 23. Rdxc1 Kf8 $1 24. Bf3 Ke7 $15 {Hickl,J-Bischoff,K Munich 1990
CBM/18}) 12. e4 (12. Rfd1 Bc6 13. d4 dxc4 14. bxc4 cxd4 15. exd4 Rfe8 16. d5
exd5 17. cxd5 Bb7 18. Rac1 Bc5 19. Qf1 b5 $10 {Pigusov,E-Nun,Ji Sochi-A 1989
CBM/16}) 12... d4 13. Nd1 b5 14. Nd2 Nb6 15. f4 bxc4 16. Nxc4 Nxc4 17. bxc4
Rab8 18. Bc1 1/2-1/2

[Event "Alushta2"]
[Site "Alushta"]
[Date "1994.??.??"]
[Round "2"]
[White "Tosic, Miroslav"]
[Black "Timoshenko, Georgy"]
[Result "0-1"]
[WhiteElo "2445"]
[BlackElo "2520"]
[Annotator "Ribli,Z"]
[PlyCount "78"]
[EventDate "1994.02.??"]
[EventType "tourn"]
[EventRounds "9"]
[EventCountry "UKR"]
[EventCategory "12"]
[SourceTitle "CBM 041"]
[Source "ChessBase"]
[SourceDate "1994.08.01"]
[SourceVersion "1"]
[SourceVersionDate "1994.08.01"]
[SourceQuality "1"]

1. c4 Nf6 2. Nf3 e6 3. Nc3 b6 4. g3 Bb7 5. Bg2 Be7 6. O-O O-O 7. b3 d5 8. e3 c5
9. Bb2 dxc4 10. bxc4 Nbd7 $5 (10... Nc6) 11. d3 (11. Qe2 Ne4 12. Nxe4 Bxe4 13.
d3 Bb7 14. Rfd1 Qc7 $10 {Polugaevsky,L-Tal,M/Reykjavik/1987/}) 11... Re8 12.
Qe2 Ng4 13. Rfd1 (13. h3 Nge5 14. Nxe5 Bxg2 15. Kxg2 (15. Nxf7 $2 Bxf1 16. Nxd8
Bxe2 $19) 15... Nxe5 $13) 13... Qb8 14. d4 (14. h3 Nge5 15. d4 Nxf3+ 16. Bxf3
cxd4 17. exd4 Nf6 $10) 14... cxd4 15. exd4 a6 16. Rac1 h6 17. d5 $6 (17. h3
Ngf6 18. Ne5 Bxg2 19. Kxg2 Qb7+ $10) 17... exd5 (17... Bc5 $6 18. Nd4 $14) 18.
Nd4 (18. cxd5 $2 Bc5 $19) 18... Ba3 $1 19. Qxg4 Nf6 $1 20. Qf3 Bxb2 21. Rb1 (
21. Rc2 Bxc3 22. Qxc3 dxc4 23. Nc6 Qc7 $17) 21... Bxc3 22. Qxc3 Qc7 23. Nf5
dxc4 24. Bxb7 (24. Nd6 $5 Bxg2 25. Nxe8 Rxe8 26. Kxg2 b5 $44 (26... Re2 $44))
24... Qxb7 25. Qxc4 (25. Nd6 Ne4 $19) (25. Nxh6+ gxh6 26. Qxf6 Re6 $17) 25...
b5 26. Qf4 Re6 27. a4 Ne4 $1 28. Qf3 b4 29. Rd4 a5 30. h4 Rae8 31. Rbd1 Nd6 $1
32. Qxb7 Nxb7 33. Rd5 Rb6 34. Ne3 Rc8 35. Rd7 Nc5 36. Ra7 Ra6 $1 37. Rxa6 Nxa6
38. Rd5 b3 39. Rd1 (39. Rb5 Nb4 $19) 39... b2 0-1

[Event "Lazne Bohdanec"]
[Site "Lazne Bohdanec"]
[Date "1997.??.??"]
[Round "10"]
[White "Blatny, Pavel"]
[Black "Polak, Tomas"]
[Result "0-1"]
[WhiteElo "2540"]
[BlackElo "2450"]
[Annotator "Ribli,Z"]
[PlyCount "64"]
[EventDate "1997.01.??"]
[EventType "tourn"]
[EventRounds "11"]
[EventCountry "CZE"]
[EventCategory "9"]
[SourceTitle "CBM 057"]
[Source "ChessBase"]
[SourceDate "1997.04.01"]
[SourceVersion "1"]
[SourceVersionDate "1997.04.01"]
[SourceQuality "1"]

1. Nf3 Nf6 2. c4 e6 3. b3 b6 4. g3 Bb7 5. Bg2 Be7 6. Bb2 O-O 7. O-O d5 8. e3 c5
9. Nc3 Nbd7 10. d3 a6 {[#] Üblicher ist l0...Qc7. Wir haben eine ungefähr
gleiche Stellung. Ich empfehle diese Variante, mit Weiß und Schwarz, für die
Spieler, die den Manöverkampf lieben. Es gibt nicht so viele konkrete Pläne in
dieser Variante. Trotzdem hat Weiß etwas besseren Aussichten, weil er zwei
Läufer auf den großen Diagonalen besitzt.Ribli.} 11. Qc2 $6 {Die Dame steht
nicht gut auf c2. Ribli.} (11. Qe2 $5 Qc7 12. Nd2 (12. Ne1 Rad8 13. f4 d4 14.
exd4 cxd4 15. Nb1 b5 16. Bxb7 Qxb7 17. Nd2 Nb8 18. Rc1 Nc6 19. Nef3 bxc4 20.
Rxc4 Nd5 21. Nxd4 Nxd4 22. Bxd4 Nb6 23. Bxb6 Qxb6+ $14 {Pigusov-Tong Yuaming/
Bejing Lee Cup/1966/}) (12. Rac1 Rac8 13. Rfd1 Qb8 14. cxd5 Nxd5 15. Nxd5 Bxd5
16. e4 Bb7 17. d4 Rfe8 $1 $11 {Danailov,S-Zlotnik,B/Sevilla op/1992/}) 12...
dxc4 13. dxc4 Bxg2 14. Kxg2 Rad8 15. f4 {Und Weiß erhält Initiative am
Königsflügel, die selbst nach einem eventuellen Damentausch für Schwarz
unangenehm ist. Ribli.}) 11... Qc7 12. h3 Rae8 13. e4 $2 {Ein schwerer
strategischer Fehler ! Nach dem Partiezug erhalten wir eine geschlossene
Zentrumsstellung, in der Schwarz, dank seines Raumvorteils, angenehmer steht.
Ribli.} (13. Rae1) 13... d4 14. Ne2 e5 $15 {Weiß könnte sonst möglicherweise
f2-f4 spielen. Ribli.} 15. g4 $2 (15. Nh2) 15... h5 $1 16. g5 (16. Nh2 hxg4 17.
hxg4 Nh7 18. Ng3 Bg5 {Und Schwarz plant g6, Kg7 und bekommt so die besseren
Chancen, weil der Weiße auf den schwarzen Feldern besonders schwach ist (Punkt
f4). Ribli.}) 16... Nh7 $17 17. h4 g6 {[#] Jetzt ist Weiß strategisch verloren,
weil er f7-f6 nicht verhindern kann und den Ph4 verliert. Ribli.} 18. Bc1 f6 {
Der Partiezug ist logisch, aber meiner Meinung nach verfrüht. Ribli.} (18...
Qd8 19. Bh3 Bc8) 19. gxf6 Ndxf6 20. Ng5 Nxg5 21. Bxg5 Nh7 22. Bh6 $2 {Weiß
verpaßt seine einzige Chance ! Ribli.} (22. f4 exf4 23. Bxf4 Qd8) 22... Rf7 23.
f4 Bxh4 24. Qd2 Bc8 {Weiß hat keine Kompensation für den Bauern, und es ist
komisch, daß eigentlich er am Königsflügel angreifen wollte, es jedoch jetzt
Schwarz ist, der dort viel stärker ist. Ribli.} 25. fxe5 g5 26. Bf3 Re6 $19 27.
Bxh5 Rxf1+ 28. Rxf1 Rxh6 {Weiß könnte ruhig aufgeben.Ribli.} 29. Bf7+ Kh8 30.
Nxd4 cxd4 31. Qb4 Qxe5 32. Bh5 Rxh5 {Weiß verlor im Handgemenge nicht weniger
als drei(!) Leichtfiguren, und nach 33.Rf8 kommt - am einfachsten - 33...Kg7.
Ribli.} 0-1

[Event "Voskresensk"]
[Site "Voskresensk"]
[Date "1990.??.??"]
[Round "?"]
[White "Dizdar, Goran"]
[Black "Naumkin, Igor"]
[Result "1-0"]
[WhiteElo "2470"]
[BlackElo "2455"]
[Annotator "Ribli,Z"]
[PlyCount "129"]
[EventDate "1990.07.??"]
[EventType "tourn"]
[EventRounds "11"]
[EventCountry "URS"]
[EventCategory "9"]
[SourceTitle "CBM 019"]
[Source "ChessBase"]
[SourceDate "1990.12.01"]
[SourceVersion "1"]
[SourceVersionDate "1990.12.01"]
[SourceQuality "1"]

1. Nf3 Nf6 2. g3 b6 3. Bg2 Bb7 4. O-O e6 5. b3 Be7 6. Bb2 O-O 7. c4 d5 8. e3 c5
9. Nc3 Nbd7 10. Qe2 (10. d3 Qc7 11. Qe2 Rad8 12. Rfd1 Qb8 13. Rac1 Qa8 14. Ne1
Rfe8 15. e4 Qb8 16. f4 d4 17. Nb1 e5 18. f5 g6 19. g4 gxf5 20. gxf5 Bf8 21. Rc2
Bh6 22. Bc1 Bxc1 23. Rdxc1 Kf8 $15 {Hickl,J-Bischoff,K Munich 1990 CBM 18})
10... Ne4 (10... a6 11. d3 Ra7 12. Ne1 Ba8 13. f4 d4 $1 $13 {Pigott,J-Howell,J
BCF-ch 1989 CBM 15}) 11. Rfd1 Nxc3 12. Bxc3 Bf6 13. cxd5 Bxd5 14. d4 cxd4 15.
Nxd4 Bxg2 16. Kxg2 Rc8 17. Rac1 Bxd4 18. Bxd4 Qe7 19. Qa6 Rxc1 20. Rxc1 e5 21.
Bb2 Nc5 22. Ba3 $1 Nxa6 23. Bxe7 Re8 24. Bd6 f6 25. b4 Rd8 26. Rc6 h5 27. Kf3
Nb8 28. Bxb8 Rxb8 29. Rc7 a5 30. bxa5 bxa5 31. Rc5 a4 32. Rc4 Ra8 33. h3 Kf7
34. g4 Kg6 35. a3 Ra7 36. Rb4 Kg5 37. Kg3 h4+ $6 (37... hxg4 $5) 38. Kf3 g6 39.
Ke4 Ra5 40. f4+ exf4 41. exf4+ Kh6 42. Kd4 Ra8 43. Rb6 Kg7 44. Rb7+ Kh6 45. Rb6
Kg7 46. Rb7+ Kh6 47. Rf7 Ra6 48. Kd5 Rb6 49. Ra7 Rb3 50. Ke6 Rxh3 51. Kxf6 Rxa3
52. Ra8 Kh7 53. Ra7+ Kh6 54. Ra8 Kh7 55. Kg5 h3 56. Ra7+ Kg8 57. Kxg6 Kf8 58.
f5 Rg3 59. g5 h2 60. Ra8+ Ke7 61. f6+ Ke6 62. Re8+ Kd5 63. Rh8 Rg2 64. f7 Rf2
65. Rxh2 {Ribli} 1-0

[Event "Villa Gesell"]
[Site "Villa Gesell"]
[Date "1996.??.??"]
[Round "2"]
[White "Garcia Palermo, Carlos H"]
[Black "Slipak, Sergio"]
[Result "1/2-1/2"]
[WhiteElo "2490"]
[BlackElo "2535"]
[Annotator "Ribli,Z"]
[PlyCount "86"]
[EventDate "1996.03.??"]
[EventType "tourn"]
[EventRounds "11"]
[EventCountry "ARG"]
[EventCategory "11"]
[SourceTitle "CBM 052"]
[Source "ChessBase"]
[SourceDate "1996.06.01"]
[SourceVersion "1"]
[SourceVersionDate "1996.06.01"]
[SourceQuality "1"]

1. Nf3 Nf6 2. c4 e6 3. g3 d5 4. b3 Be7 5. Bg2 O-O 6. O-O b6 7. Bb2 Bb7 8. e3
Nbd7 $5 9. Qe2 c5 10. d3 (10. Nc3 $5) 10... Qc7 11. Nc3 Rad8 12. Rad1 $146 {
Weiss versucht eine neue Idee.} (12. e4 d4 13. Nd1 g6 14. Ne1 e5 15. Bh3 Nh5
16. Bc1 Ng7 17. f4 f5 18. Nf2 Bd6 19. Ng2 Rde8 $36 {Bischoff,K-Andersson,U/
Dortmund-A/1987/CBM02/}) (12. Rfd1 Qb8 13. cxd5 Nxd5 14. Nxd5 Bxd5 15. e4 Bb7
16. d4 $13 {Contin,D-Arlandi,E/Reggio Emilia/1994/CBM45/}) 12... Rfe8 13. Nh4
a6 $5 {Schwarz will d5-d4 spielen, aber zuerst sollte er d3-d4 verhindern.} 14.
f4 d4 $1 {[#] Eine logische Fortsetzung; gegen den Königsangriff soll man im
Zentrum das Gegenspiel organisieren.} 15. exd4 cxd4 16. Ne4 Nc5 (16... Nxe4 $2
17. dxe4 Bxh4 18. gxh4 e5 19. fxe5 Nxe5 20. Bxd4 $16) 17. Ng5 b5 $1 18. Bxb7
Qxb7 19. Rb1 $5 {Weiss stellt seinen Turm auf die b-Linie, weil es ihm schon
jetzt klar ist, daß diese Linie geöffnet wird, und der Turm auf die offene
Linie gehört.} bxc4 20. bxc4 Qc7 21. Ngf3 $5 {Die weissen Springer stehen auf
h4 und g5 nicht besonderers attraktiv, weil der Anziehende kaum Angriffchancen
hat.} Na4 22. Ne5 (22. Bxd4 $4 Rxd4 23. Nxd4 Bc5 24. Nhf3 Rd8 $19) 22... Nd7
23. Nxd7 Rxd7 24. Nf3 Bc5 25. Qc2 Qa5 (25... Nxb2 $6 26. Rxb2 Rb8 27. Rfb1 $14
{Der Anziehende beherrscht die b-Linie, und sein Springer ist staerker als der
schwarze Läufer.}) 26. Kg2 f6 27. Ba1 h6 28. Rb3 (28. Rfe1 Nc3 $13) 28... e5
29. fxe5 fxe5 30. Nd2 $5 {/\ Ne4,Qe2,Qg4 |^} Bf8 31. Ne4 Nc5 $1 {Natürlich
will der Nachziehende den Riesenspringer auf e5 tauschen.} 32. Nxc5 Qxc5 33.
Qe2 Qc6+ 34. Qf3 e4 $5 {Mit diesem Zug will Schwarz die Stellung entspannen.}
35. dxe4 Qxe4 36. Rd3 Bc5 37. Qxe4 Rxe4 38. Rf4 Re3 39. Rf3 Re1 40. Rf1 Rxf1
41. Kxf1 Kf7 42. Ke2 Ke6 43. Rf3 Rb7 1/2-1/2